000 00685nam a22002297a 4500
003 LK-CoMWRAF
005 20240120164451.0
008 240120b2001 |||||||| |||| 00| 0 eng d
020 _a9558610003
040 _aLK-CoMWRAF
_dLK-CoMWRAF
_eLK-CoMWRAF
041 _aeng
082 _a306.36
_bWAN
100 _aWanasundera, Leelangi
245 _aMigrant women domestic workers:
_bCyprus, Greece, and Italy
260 _aColombo:
_bCentre for Women's Research,
_c2001
300 _a 232, [1] p. ; 26 cm.
490 _aStudy series
_vNo.23
650 _aForeign workers, Sri Lankan
650 _aWomen household employees- Sri Lanka
650 _aWomen migrant labor
942 _cBK
999 _c4662
_d4662